UBT Library

International business : (Record no. 42468)

000 -LEADER
fixed length control field 00826cam a2200253 a 4500
001 - CONTROL NUMBER
control field 17531879
005 - DATE AND TIME OF LATEST TRANSACTION
control field 20180214035901.0
008 - FIXED-LENGTH DATA ELEMENTS--GENERAL INFORMATION
fixed length control field 121116s2014 maua b 001 0 eng
010 ## - LIBRARY OF CONGRESS CONTROL NUMBER
LC control number 2012043910
020 ## - INTERNATIONAL STANDARD BOOK NUMBER
International Standard Book Number 9780132991261
020 ## - INTERNATIONAL STANDARD BOOK NUMBER
International Standard Book Number 0132991268
040 ## - CATALOGING SOURCE
Original cataloging agency DLC
Transcribing agency DLC
Modifying agency DLC
041 ## - LANGUAGE CODE
Language code of text/sound track or separate title eng
042 ## - AUTHENTICATION CODE
Authentication code pcc
080 ## - UNIVERSAL DECIMAL CLASSIFICATION NUMBER
Universal Decimal Classification number 658.049 CAV
082 00 - DEWEY DECIMAL CLASSIFICATION NUMBER
Classification number 658.049 CAV
Edition number 23
100 1# - Rafti
Rafti 58
101 ## - Shkurtesa
Shkurtesa BIZ
245 10 - TITLE STATEMENT
Title International business :
Statement of responsibility, etc S. Tamer Cavusgil, Gary Knight, John R. Riesenberger.
504 ## - BIBLIOGRAPHY, ETC. NOTE
Bibliography, etc Includes bibliographical references ( p.545 - 566) and indexes.
906 ## - LOCAL DATA ELEMENT F, LDF (RLIN)
a 7
b cbc
c orignew
d 1
e ecip
f 20
g y-gencatlg
942 ## - ADDED ENTRY ELEMENTS (KOHA)
Source of classification or shelving scheme
Item type Books
Holdings
Withdrawn status Lost status Source of classification or shelving scheme Damaged status Not for loan Collection code Permanent location Current location Shelving location Date acquired Total Checkouts Full call number Barcode Date last seen Price effective from Koha item type
          Koleksioni i përgjithshem UBT - Lipjan UBT - Lipjan Koleksioni i përgjithshem 02/14/2018   658.049 CAV 002-2998238 02/14/2018 02/14/2018 Books
UBT Library © 2015-2024. All rights reserved University Education for Business and Technology